000 00711nas a2200229 4500
001 BR2017002788
003 BR-BrBNA
005 20231205131108.0
007 ta
008 230509b bl.|||p| |||| 00| 00por d
040 _aBR-BrBNA
_bpor
_cBiblioteca Nacional de Agricultura
041 _a(Pt)
072 _aC10
100 1 _aDias, M.M.
245 1 _aA formação do agrônomo como agente de promoção do desenvolvimento
650 _aAGRÔNOMO
650 _aEDUCAÇÃO
650 _aDESENVOLVIMENTO RURAL
773 0 _tExtensão Rural. Revista do Deaer (Brazil)
_xISSN 1415-7802
_g(Jan-Jun 2008), v. 15(150 p. 53-68
_wBR2017002788
909 _a202311
_bLúcia
_c55
_dLúcia Elande
942 _2AGRIS
_n0
_cANA
999 _c252997
_d252997